[Event "CAN-ch U12 Girls"]
[Site "Windsor"]
[Date "2015.07.08"]
[Round "5.81"]
[White "Zhang, Jeannie"]
[Black "Yang Bo, Wen"]
[Result "1-0"]
[WhiteElo "1547"]
[BlackElo "892"]
[PlyCount "101"]
[EventDate "2015.07.06"]
[EventType "swiss"]
[EventRounds "7"]
[EventCountry "CAN"]
[SourceTitle "EXT 2022"]
[Source "ChessBase"]
[SourceDate "2021.10.06"]
[SourceVersion "1"]
[SourceVersionDate "2021.10.06"]
[SourceQuality "1"]

1. e4 e5 2. Nf3 Nc6 3. Bc4 Bc5 4. d3 Nf6 5. c3 d6 6. h3 a6 7. Bb3 Be6 8. Nbd2 Qd7 9. Nf1 d5 10. Qe2 0-0-0 11. Ng3 Ba7 12. 0-0 h6 13. Be3 Bb8 14. Ba4 Qd6 15. Bxc6 bxc6 16. exd5 cxd5 17. d4 e4 18. Ne5 Nd7 19. Bf4 Nxe5 20. Bxe5 Qb6 21. Bxg7 Rh7 22. Be5 c6 23. Bxb8 Kxb8 24. Qe3 Rg8 25. Qf4+ Qc7 26. Qe3 f5 27. Nh5 Qf7 28. Nf4 Rhg7 29. g3 h5 30. h4 Bd7 31. Kh2 Rg4 32. Rac1 Bc8 33. b3 Bd7 34. c4 Be8 35. Qc3 Qd7 36. cxd5 cxd5 37. Qb4+ Qb5 38. Qd6+ Ka7 39. Rc7+ Ka8 40. Qd8+ Qb8 41. Rc8 Qxc8 42. Qxc8+ Ka7 43. Rc1 Bb5 44. Qc5+ Ka8 45. Qxd5+ Ka7 46. Rc7+ Kb6 47. Rb7+ Ka5 48. b4+ Kxb4 49. Qb3+ Ka5 50. a3 R8g7 51. Qb4# 1-0

[Event "CAN-ch U12 Girls"]
[Site "Windsor"]
[Date "2015.07.06"]
[Round "1.85"]
[White "Tsypin, Allison"]
[Black "Yang Bo, Wen"]
[Result "1-0"]
[WhiteElo "1518"]
[BlackElo "892"]
[PlyCount "37"]
[EventDate "2015.07.06"]
[EventType "swiss"]
[EventRounds "7"]
[EventCountry "CAN"]
[SourceTitle "EXT 2022"]
[Source "ChessBase"]
[SourceDate "2021.10.06"]
[SourceVersion "1"]
[SourceVersionDate "2021.10.06"]
[SourceQuality "1"]

1. e4 e5 2. Nf3 Nc6 3. Bc4 Bc5 4. b4 Bxb4 5. c3 Ba5 6. d4 exd4 7. 0-0 Nge7 8. Ng5 0-0 9. Qh5 h6 10. Nxf7 Rxf7 11. Bxf7+ Kh8 12. Bxh6 Ng8 13. Bg5+ Nh6 14. Bxh6 Qg8 15. Bxg8 Kxg8 16. Qg6 Kf8 17. Bxg7+ Ke7 18. Qf6+ Ke8 19. Qf8# 1-0